|
|
|
|
| LEADER |
01000nam a22002177a 4500 |
| 003 |
GR-PaULI |
| 005 |
20231121100722.0 |
| 007 |
ta |
| 008 |
200908s1956 fr ||||f |||| 00| 0 fre d |
| 952 |
|
|
|0 0
|1 0
|2 lcc
|4 0
|6 HD9698 A2 ANG
|7 1
|9 243267
|a MEDI
|b MEDI
|c DON
|d 2020-09-08
|i 6905
|l 0
|o HD9698.A2 ANG
|p 025000176291
|r 2020-09-08 00:00:00
|t 1
|v 2020.00
|w 2020-09-08
|y BKN
|z Δωρεά Β. Βαλαώρα (αίθουσα δωρεών)
|
| 999 |
|
|
|c 146781
|d 146781
|
| 040 |
|
|
|a GR=-PaULI
|b gre
|c GR-PaULI
|e AACR2
|
| 060 |
|
|
|a HD9698.A2
|
| 100 |
1 |
|
|a Αγγελόπουλος, Άγγελος Θ.,
|d 1904-1995
|e συγγραφέας
|9 7451
|
| 245 |
1 |
2 |
|a L'atome unira-t-il le monde? :
|b aspects économiques, sociaux, politiques /
|c Angelos Angelopoulos.
|
| 260 |
|
|
|a Paris :
|b R.Pichon & R.Durand-Auzias,
|c 1956.
|
| 300 |
|
|
|a 2016 σ. ;
|c 21 εκ.
|
| 650 |
|
4 |
|a Πυρηνική ενέργεια
|9 3224
|
| 650 |
|
4 |
|9 146021
|a Πυρηνική ενέργεια
|x Εγκαταστάσεις
|
| 942 |
|
|
|2 lcc
|c BKN
|
| 998 |
|
|
|c ΜΑΝΙΑΚΗ
|d 2020
|